1369 1949 1870 1347 1930 1624 1404 1483 1186 1674 1857 1136 1687 1991 1839 1683 1801 1204 1791 1982 1178 1888 1150 1489 1067 1141 1235 1278 1683 1243 1153 1730 1558 1624 1486 1068 1211 1246 1326 1698 1898 1317 1115 1054 1866 1319 1223 1973 1984 1129 1202 1134 1155 1774 1115 1876 1310 1145 1789 1223 1497 1673 1592 1502 1241 1045 1831 1856 1560 1467 1101 1689 1536 1836 1033 1979 1602 1252 1296 1769 1386 1981 1994 1202 1466 1228 1012 1979 1751 1873 1874 1316 1503 1668 1322 1336 1250 1926 1153 BCNSPRNW ULIB Ver.6.0+V

เปลี่ยนเป็นภาษาไทย

Change to English
 แสดงรายละเอียดบรรณานุกรม
  กลับหน้าหลัก

Brief Record : Get Marc (ISO 2709) : E-mail record : QR code < ปิดหน้าต่าง
LEADER : 00000nam 2200000uu 4500
001    13399122167
003     ULIB
008    130108s2550||||th 000 0 tha d
020    ^a9786167221403
060 04 ^aWB537^bว775ค
100 0  ^aวิสันต์ ท้าวสูงเนิน
245 10 ^aคัมภีร์นวดแผนโบราณ :^bตำราการนวดบำบัดรักษาโรคแผนโบราณ = Thai traditional massage : the massage therapy /^cเรียบเรียงโดย วิสันต์ ท้าวสูงเนิน ; ภาพโดย แปลก เข็มพิลา
246 31 ^aThai traditional massage :^bthe massage therapy
260    ^a[นนทบุรี] :^bวีทีเอส,^c2555
300    ^a311 หน้า :^bภาพประกอบ ;^c26 ซม.
650  4 ^aการบำบัดด้วยการนวด
650  4 ^aการนวด
650  4 ^aการนวด^zไทย
945    ^p0^l0^i19628
945    ^p350^l0^i25793
995    ^aกัณชพร
999    ^aใช้งานได้ทุกระบบ
รายการนี้ยังไม่มีแท็ก
คุณยังไม่ได้ล็อกอิน คุณสามารถมีกิจกรรมร่วมกับเว็บไซต์ได้ แต่ต้องล็อกอินก่อน ::
  ล็อกอิน

รายการสื่อสารสนเทศ

ลำดับที่ ประเภท เลขเรียก/บาร์โค้ด สถานที่ สถานะ
1. หนังสือสำรอง
หนังสือสำรอง
สถานะ=หนังสือเก่า
WB537 ว775ค  
  Barcode: 19628
ห้องสมุดวิทยาเขตนครสวรรค์
►ส่วนจัดเก็บหนังสือเก่า นว.
บนชั้น
  ขอยืม
2. วิทยาศาสตร์การแพทย์ และสุขภาพ
วิทยาศาสตร์การแพทย์ และสุขภาพ
สถานะ=หนังสือเก่า
WB537 ว775ค ฉ.2 
  Barcode: 25793
ห้องสมุดวิทยาเขตนครสวรรค์
►ส่วนจัดเก็บหนังสือเก่า นว.
บนชั้น
  ขอยืม

รายการใกล้เคียง
    ผู้แต่ง [วิสันต์ ท้าวสูงเนิน]

    หัวเรื่อง [การบำบัดด้วยการนวด]
    หัวเรื่อง [การนวด]

BibComment


ยังไม่เคยถูกคอมเมนท์

คอมเมนท์ทรัพยากรรายการนี้
  คอมเมนท์: คัมภีร์นวดแผนโบร..


 Copyright 2026. Bcnsprnw @Library